000 00771nam a2200289Ia 4500
001 71645
003 IT-RoPAU
008 130308s9999 xx 000 0 und d
040 _aIT-RoPAU
040 _cIT-RoPAU
041 _aINGLESE
100 _aHargreaves Andy
100 _gCodice Aut. SPICS: 24909
245 _aRhetoric of School-Centred Innovation (The)
245 _bMedia, Knowledge And Power
250 _a1a ed.
260 _aINGHILTERRA
260 _bCroom Helm
260 _c1987 [1° Ed.:1987 - Ed.Ling.Originale:1982]
300 _a"19 p. (prefazione: no ; testo: 19 [pagine: 454-472])"
650 _aSAGGI DI COMUNICAZIONE SOCIALE
650 _eCodice materia Spics: 3807
942 _cBK
957 _71
999 _c45425
_d45425
999 _bSI
999 _g1